书目信息 |
| 题名: |
辫子与小脚
|
|
| 作者: | 韩炜炜 编著 ;佚名 绘 | |
| 分册: | ||
| 出版信息: | 北京 北京时代华文书局 2019.6 |
|
| 页数: | 309页, [4] 页图版 | |
| 开本: | 21cm | |
| 丛书名: | 彩绘中国智慧系列 | |
| 单 册: | ||
| 中图分类: | J235 , K291 | |
| 科图分类: | ||
| 主题词: | 社会生活--she hui sheng huo--史料--北京--清后期 , 水粉画--shui fen hua--法国--近代--作品集 | |
| 电子资源: | ||
| ISBN: | 978-7-5699-3065-8 | |
| 000 | 01244oam2 2200337 450 | |
| 001 | 2161411905 | |
| 005 | 20210928130734.0 | |
| 010 | @a978-7-5699-3065-8@dCNY69.80 | |
| 100 | @a20190905d2019 em y0chiy0120 ea | |
| 101 | 0 | @achi |
| 102 | @aCN@b110000 | |
| 105 | @aaf z 000yy | |
| 106 | @ar | |
| 200 | 1 | @a辫子与小脚@Abian zi yu xiao jiao@e清都风物志@dLes rues de Pékin@f韩炜炜编著@g(法) 佚名绘@zfre |
| 210 | @a北京@c北京时代华文书局@d2019.6 | |
| 215 | @a309页, [4] 页图版@c彩图@d21cm | |
| 225 | 2 | @a彩绘中国智慧系列@Acai hui zhong guo zhi hui xi lie |
| 300 | @a在别人眼中看自己的文明 | |
| 314 | @a韩炜炜, 河南大河村遗址博物馆文博研究馆员。 | |
| 330 | @a本书作者从法国无名氏绘制的一组京城市井人物水粉彩册的原画中选取235帧彩绘,参照原书中法文注释,为每帧图绘做精确凝练的注解,便于阅读理解。 | |
| 461 | 0 | @12001 @a彩绘中国智慧系列 |
| 510 | 1 | @aLes rues de Pékin@zfre |
| 517 | 1 | @a清都风物志@Aqing du feng wu zhi |
| 606 | 0 | @a社会生活@Ashe hui sheng huo@x史料@y北京@z清后期 |
| 606 | 0 | @a水粉画@Ashui fen hua@y法国@z近代@j作品集 |
| 690 | @aJ235@v5 | |
| 690 | @aK291@v5 | |
| 701 | 0 | @a韩炜炜@Ahan wei wei@4编著 |
| 702 | 0 | @a佚名@Adie ming@4绘 |
| 801 | 0 | @aCN@b百万庄@c20210927 |
| 905 | @b1301807-810@dJ235@e137@f4 | |
| 辫子与小脚:清都风物志=Les rues de Pékin/韩炜炜编著/(法) 佚名绘.-北京:北京时代华文书局,2019.6 |
| 309页, [4] 页图版:彩图;21cm.-(彩绘中国智慧系列) |
| 在别人眼中看自己的文明 |
| ISBN 978-7-5699-3065-8:CNY69.80 |
| 本书作者从法国无名氏绘制的一组京城市井人物水粉彩册的原画中选取235帧彩绘,参照原书中法文注释,为每帧图绘做精确凝练的注解,便于阅读理解。 |
| ● |
| 相关链接 |
|
|
|
|
正题名:辫子与小脚
索取号:J235/137
 
预约/预借
| 序号 | 登录号 | 条形码 | 馆藏地/架位号 | 状态 | 备注 |
| 1 | 1301807 | 213018072 | 第一样本阅览室/ [索取号:J235/137] | 在馆 | |
| 2 | 1301808 | 213018081 | 第一借阅区/ [索取号:J235/137] | 在馆 | |
| 3 | 1301809 | 213018090 | 第一借阅区/ [索取号:J235/137] | 在馆 | |
| 4 | 1301810 | 213018107 | 第一借阅区/ [索取号:J235/137] | 在馆 |